50 pinta-alaltaan suurinta valtiota järjestyksessä - Statistics

Yleistilastot
  • Tätä visaa on pelattu 2 691 kertaa
  • Keskiarvotulos 20 / 50
Vastaustilastot
Pinta-ala Valtio % Oikein
17 098 242 V Venäjä
100%
9 984 670 K Kanada
96%
9 640 821 K Kiina
95%
9 526 468 Y Yhdysvallat
94%
8 514 877 B Brasilia
91%
3 287 590 I Intia
88%
7 692 024 A Australia
87%
2 780 400 A Argentiina
80%
2 724 900 K Kazakstan
73%
2 381 741 A Algeria
64%
2 344 858 K Kongon dem. tasavalta
61%
1 904 569 I Indonesia
60%
1 964 375 M Meksiko
60%
2 149 690 S Saudi-Arabia
50%
1 564 110 M Mongolia
48%
1 648 195 I Iran
47%
1 886 068 S Sudan
46%
1 759 540 L Libya
44%
1 285 216 P Peru
44%
1 267 000 N Niger
36%
756 102 C Chile
33%
1 221 037 E Etelä-Afrikka
31%
1 246 700 A Angola
30%
1 104 300 E Etiopia
28%
1 098 581 B Bolivia
27%
1 240 192 M Mali
27%
640 679 R Ranska
27%
881 912 P Pakistan
26%
603 500 U Ukraina
26%
916 445 V Venezuela
26%
1 141 748 K Kolumbia
25%
1 284 000 T Tšad
25%
1 002 450 E Egypti
24%
923 768 N Nigeria
24%
945 087 T Tansania
23%
783 562 T Turkki
23%
1 030 700 M Mauritania
20%
825 615 N Namibia
18%
527 968 J Jemen
17%
652 230 A Afganistan
13%
801 590 M Mosambik
13%
752 612 S Sambia
12%
637 657 S Somalia
12%
513 120 T Thaimaa
12%
581 730 B Botswana
11%
580 367 K Kenia
11%
676 578 M Myanmar
11%
619 745 E Etelä-Sudan
9%
622 984 K Keski-Afrikan tasavalta
9%
587 041 M Madagaskar
9%
Ehtoja vastaavia visoja ei löytynyt
Tulosjakauma
Jokaisen tuloksen saaneiden osuus
Persentiili vastausten määrän mukaan
Tuloshistoriasi
Et ole pelannut tätä visaa